000 00286nam a2200121 a 4500
008 100910s1962|||| d
245 1 0 _aPamäti Klubu pickwickovcov
100 1 _aDickens, Charles
260 _bSVKL
_aBratislava
_c1962
044 _axo
_cSK
041 _aslo
020 _c39
999 _c10277
_d10277